Marvel Characters by Pictures - MCU - Hard - Statistics

General Stats
  • This quiz has been taken 123 times
  • The average score is 12 of 20
Answer Stats
Picture Answer % Correct
The Collector
84%
Gorr
83%
Taskmaster
83%
Flash Thompson
81%
M'Baku
81%
Sharon Carter
76%
Proxima Midnight
73%
Armin Zola
71%
Surtur
68%
Luis
60%
Jimmy Woo
57%
Aldrich Killian
56%
Corvus Glaive
55%
Everett Ross
52%
Maria Rambeau
52%
Baron Von Strucker
47%
Kaecilius
47%
Kingo
42%
Queen Ramonda
42%
Melina
31%
No matching quizzes found
Score Distribution
Percent of People with Each Score
Percentile by Number Answered
Your Score History
You have not taken this quiz